| 000 | 00429nam a22001697a 4500 | ||
|---|---|---|---|
| 003 | OSt | ||
| 008 | 230510b |||||||| |||| 00| 0 eng d | ||
| 020 | _a9789327239232 | ||
| 041 | _aeng | ||
| 082 |
_a664.02 _bDAS/CO |
||
| 100 |
_aDash, Sanjaya K _92077 |
||
| 245 | _aConcepts of food process engineering | ||
| 260 |
_aLudhiana _bKalyani Publishers _c2017 |
||
| 300 | _a404p | ||
| 700 |
_aSahoo, Nihar Ranjan _92078 |
||
| 942 | _cBK | ||
| 999 |
_c14849 _d14849 |
||